Central Library OPAC University of Rajshahi

মার্কসবাদ-লেনিনবাদ ও শিবদাস ঘোষের চিন্তাধারা : (Record no. 36717)

MARC details
000 -LEADER
fixed length control field 01075nam a22002411a 4500
001 - CONTROL NUMBER
control field 36717
003 - CONTROL NUMBER IDENTIFIER
rucl marc code BD-RjUL
005 - DATE AND TIME OF LATEST TRANSACTION
control field 20211209052527.0
008 - FIXED-LENGTH DATA ELEMENTS--GENERAL INFORMATION
fixed length control field 160322b1989 ii |||er|||| 00| 0 ben d
020 ## - INTERNATIONAL STANDARD BOOK NUMBER
Terms of availability IRs. 20.00
035 ## - SYSTEM CONTROL NUMBER
System control number (BD-RjUL) 36818
040 ## - CATALOGING SOURCE
Original cataloging agency BD-RjUL
Language of cataloging ben
Transcribing agency BD-RjUL
041 ## - LANGUAGE CODE
Language code of text/sound track or separate title ben
082 ## - DEWEY DECIMAL CLASSIFICATION NUMBER
Classification number 320.5322
Author mark and year BAM 1989
Edition number 23
100 ## - MAIN ENTRY--PERSONAL NAME
Personal name বন্দ্যোপাধ্যায়, বিজয়
9 (RLIN) 111975
245 10 - TITLE STATEMENT
Title মার্কসবাদ-লেনিনবাদ ও শিবদাস ঘোষের চিন্তাধারা :
Remainder of title সংজ্ঞা-অন্বেষণ /
Statement of responsibility, etc. বিজয় বন্দ্যোপাধ্যায়
260 ## - PUBLICATION, DISTRIBUTION, ETC. (IMPRINT)
Place of publication, distribution, etc. কলিকাতা :
Name of publisher, distributor, etc. সাহিত্যলোক,
Date of publication, distribution, etc. ১৯৮৯.
300 ## - PHYSICAL DESCRIPTION
Pagination [৮], ৬৪পৃ. :
Size ২২সেমি.
504 ## - BIBLIOGRAPHY, ETC. NOTE
Bibliography, etc বিবলিওগ্রাফি এবং তথ্যসুত্র সংযুক্ত.
650 ## - SUBJECT ADDED ENTRY--TOPICAL TERM
Topical term or geographic name as entry element মার্কসবাদ-লেলিনবাদ
9 (RLIN) 111976
Topical term or geographic name as entry element Marxism-Leninism
9 (RLIN) 118848
942 ## - ADDED ENTRY ELEMENTS (KOHA)
Source of classification or shelving scheme Dewey Decimal Classification
Koha item type Books
Holdings
Lost status Source of classification or shelving scheme Damaged status Not for loan Collection code Permanent Location Current Location Shelving location Date acquired Source of acquisition Cost, normal purchase price Total Checkouts Full call number Date last seen Copy number Koha item type Date checked out
  Dewey Decimal Classification     Non-fiction Central Library, University of Rajshahi Central Library, University of Rajshahi   23/05/2007 Paragon Enterprises Ltd., Dhaka 20.00   B 320.5322 BAM 1989 21/08/2014 C- 3 Books  
  Dewey Decimal Classification     Non-fiction Central Library, University of Rajshahi Central Library, University of Rajshahi   23/05/2007 Paragon Enterprises Ltd., Dhaka 20.00 1 B 320.5322 BAM 1989 28/06/2022 C-2 Books 16/06/2022
  Dewey Decimal Classification   Not For Loan Non-fiction Central Library, University of Rajshahi Central Library, University of Rajshahi Reading Room 20/11/2005 Paragogn Enterprise, Dhaka 20.00   B 320.5322 BAM 1989 20/12/2016 C-1 Books  
  Dewey Decimal Classification     Non-fiction Central Library, University of Rajshahi Central Library, University of Rajshahi   20/11/2005 Paragogn Enterprise, Dhaka 20.00   B 320.5322 BAM 1989 21/12/2016 C-4 Books